000 00417nam a2200181 a 4500
001 1759126006676
003 ACL
005 20250929113838.0
008 250929s2003##################000#0#eng##
020 _a0195667069
082 0 4 _a783.9
_bOXF
100 1 _aGupta, Ashin Das,
_eauthor.
245 1 0 _aThe English Hymnal :
260 _c2003.
300 _a600 pages
942 _cENGLISH
040 _aACL
_beng
_cACL
999 _c590106
_d590106